000 00428nam a2200133Ia 4500
008 100328s9999 xx 000 0 und d
082 _b33101
100 _aपांढरीपांडे विजय
245 _aटोकियो टॉवर वरुन
260 _bमधुर
630 _aटोकियो टॉवर वरुन
730 _aटोकियो टॉवर वरुन
942 _cBOOK
999 _c523670
_d523667